00310nam a2200121Ia 45000030006000000080041000060400015000471000022000622450040000842600035001245460012001590050017001710STCL150530s9999 xx 000 0 und d aSTCLcSTCL aJean Haystrum, H. aSammuel Johnsons literary criticism bChicago university pressc1952 aEnglish20220125170832.0